000 00491nam a2200193Ia 4500
005 20250326141356.0
008 250326s9999 xx 000 0 und d
020 _a0-631-18487-2
037 _aTextbook
040 _aFMSL
_beng
_cFMSL
041 _aeng
_2eng
084 _aX N2
_qFMSL
100 _aHey John D
245 0 _aFuture of economics
_cHey John D
260 _aOxford
_bOxford, Blackwell
_c1992
300 _a162p
942 _cTB
_hX N2
999 _c1290016
_d1290016